[Event "Королевский Гамбит. Южный Федеральный округ."]
[Date "2025-11-21"]
[Round "3.4"]
[Board "4"]
[White "Корниенко Ева"]
[WhiteElo "990"]
[Black "Мещанская Полина"]
[BlackElo "991"]
[WebSite "https://www.chessopen.ru"]
[GameId "7c23f5c2-2b09-4afe-bef7-0ccb7961e4ce"]
[Result "1-0"]

1. e4 { [%clk 0:10:00] } e5 { [%clk 0:09:59] } 2. Nf3 { [%clk 0:10:02] } Nf6 {
[%clk 0:09:57] } 3. Nxe5 { [%clk 0:10:02] } d6 { [%clk 0:09:38] } 4. Nc4 {
[%clk 0:10:00] } Bg4 { [%clk 0:09:25] } 5. Be2 { [%clk 0:09:57] } Bxe2 { [%clk
0:09:20] } 6. Qxe2 { [%clk 0:09:58] } Nc6 { [%clk 0:09:09] } 7. O-O { [%clk
0:09:58] } Qe7 { [%clk 0:09:03] } 8. Nc3 { [%clk 0:09:52] } O-O-O { [%clk
0:08:58] } 9. d3 { [%clk 0:09:45] } Nd4 { [%clk 0:08:56] } 10. Qe3 { [%clk
0:09:41] } Nxc2 { [%clk 0:08:50] } 11. Qd2 { [%clk 0:09:31] } Nxa1 { [%clk
0:08:16] } 12. a4 { [%clk 0:09:30] } Nb3 { [%clk 0:08:02] } 13. Qc2 { [%clk
0:09:25] } Nxc1 { [%clk 0:07:58] } 14. Qxc1 { [%clk 0:09:25] } Qe6 { [%clk
0:07:52] } 15. h3 { [%clk 0:09:08] } d5 { [%clk 0:07:32] } 16. Na3 { [%clk
0:08:47] } dxe4 { [%clk 0:07:25] } 17. dxe4 { [%clk 0:08:29] } Bxa3 { [%clk
0:06:55] } 18. bxa3 { [%clk 0:08:24] } Qc6 { [%clk 0:06:42] } 19. Nb5 { [%clk
0:08:17] } Qxc1 { [%clk 0:06:32] } 20. Rxc1 { [%clk 0:08:17] } c6 { [%clk
0:06:26] } 21. Nc3 { [%clk 0:08:10] } Rhe8 { [%clk 0:06:16] } 22. f3 { [%clk
0:08:06] } Rd2 { [%clk 0:05:58] } 23. Kf1 { [%clk 0:07:36] } Red8 { [%clk
0:05:52] } 24. e5 { [%clk 0:06:58] } Nh5 { [%clk 0:05:37] } 25. Ne4 { [%clk
0:06:46] } Rd1+ { [%clk 0:05:20] } 26. Rxd1 { [%clk 0:06:45] } Rxd1+ { [%clk
0:05:19] } 27. Ke2 { [%clk 0:06:45] } Ra1 { [%clk 0:05:17] } 28. g4 { [%clk
0:06:39] } Nf4+ { [%clk 0:05:14] } 29. Ke3 { [%clk 0:06:39] } Nd5+ { [%clk
0:05:13] } 30. Kf2 { [%clk 0:06:33] } Rxa3 { [%clk 0:04:53] } 31. Nc5 { [%clk
0:06:21] } b6 { [%clk 0:04:48] } 32. e6 { [%clk 0:06:09] } bxc5 { [%clk
0:04:39] } 33. exf7 { [%clk 0:06:10] } Rxa4 { [%clk 0:03:38] } 34. f8=Q+ {
[%clk 0:06:09] } Kd7 { [%clk 0:03:38] } 35. Qxg7+ { [%clk 0:06:05] } Ke6 {
[%clk 0:03:29] } 36. Qh6+ { [%clk 0:06:03] } Nf6 { [%clk 0:03:24] } 37. g5 {
[%clk 0:06:01] } Ra2+ { [%clk 0:03:21] } 38. Kg3 { [%clk 0:06:01] } c4 { [%clk
0:03:15] } 39. Qxf6+ { [%clk 0:05:58] } Kd5 { [%clk 0:03:12] } 40. Qf5+ { [%clk
0:05:54] } Kd4 { [%clk 0:03:08] } 41. Qe4+ { [%clk 0:05:54] } Kc3 { [%clk
0:03:08] } 42. Qxc6 { [%clk 0:05:54] } Kb3 { [%clk 0:02:50] } 43. Qb5+ { [%clk
0:05:44] } Kc3 { [%clk 0:02:45] } 44. Qb1 { [%clk 0:05:43] } Rc2 { [%clk
0:02:39] } 45. Qe1+ { [%clk 0:05:31] } Kb2 { [%clk 0:02:33] } 46. Qe7 { [%clk
0:05:24] } h5 { [%clk 0:02:26] } 47. g6 { [%clk 0:05:25] } a6 { [%clk 0:02:23]
} 48. g7 { [%clk 0:05:25] } Rd2 { [%clk 0:01:51] } 49. g8=Q { [%clk 0:05:23] }
c3 { [%clk 0:01:50] } 50. Qb8+ { [%clk 0:05:20] } Kc2 { [%clk 0:01:29] } 51.
Qe4+ { [%clk 0:05:17] } Kd1 { [%clk 0:01:27] } 52. Qbb1# { [%clk 0:05:16] } 1-0

[Event "Королевский Гамбит. Южный Федеральный округ."]
[Date "2025-11-21"]
[Round "3.4"]
[Board "4"]
[White "Крутых Кира"]
[WhiteElo "1000"]
[Black "Квачёва Дарья"]
[BlackElo "1000"]
[WebSite "https://www.chessopen.ru"]
[GameId "1672d223-8fc4-443f-8eca-fdfdd8ce2795"]
[Result "1-0"]

1. e4 { [%clk 0:10:00] } Nc6 { [%clk 0:09:57] } 2. Nf3 { [%clk 0:10:00] } Nf6 {
[%clk 0:09:58] } 3. Nc3 { [%clk 0:09:58] } e5 { [%clk 0:09:49] } 4. Bc4 { [%clk
0:09:57] } Bb4 { [%clk 0:09:46] } 5. d3 { [%clk 0:09:57] } O-O { [%clk 0:09:46]
} 6. Bg5 { [%clk 0:09:55] } a6 { [%clk 0:09:11] } 7. a3 { [%clk 0:09:54] } b5 {
[%clk 0:09:10] } 8. axb4 { [%clk 0:09:54] } Nxb4 { [%clk 0:09:09] } 9. Bb3 {
[%clk 0:09:49] } Nc6 { [%clk 0:09:00] } 10. Nd5 { [%clk 0:09:46] } Ne8 { [%clk
0:08:48] } 11. Bxd8 { [%clk 0:09:46] } Nxd8 { [%clk 0:08:43] } 12. Ne7+ { [%clk
0:09:39] } Kh8 { [%clk 0:08:32] } 13. Nxc8 { [%clk 0:09:39] } Rxc8 { [%clk
0:08:31] } 14. O-O { [%clk 0:09:38] } a5 { [%clk 0:08:24] } 15. Nxe5 { [%clk
0:09:34] } a4 { [%clk 0:08:24] } 16. Bxf7 { [%clk 0:09:19] } Nxf7 { [%clk
0:08:17] } 17. Nxf7+ { [%clk 0:09:18] } Rxf7 { [%clk 0:08:18] } 18. Qh5 { [%clk
0:09:19] } Nd6 { [%clk 0:08:11] } 19. e5 { [%clk 0:09:16] } Re7 { [%clk
0:08:05] } 20. exd6 { [%clk 0:09:16] } cxd6 { [%clk 0:08:05] } 21. b3 { [%clk
0:09:12] } g6 { [%clk 0:07:51] } 22. Qg4 { [%clk 0:09:11] } Ra8 { [%clk
0:07:46] } 23. Qf3 { [%clk 0:09:10] } d5 { [%clk 0:07:34] } 24. Qxd5 { [%clk
0:09:07] } g5 { [%clk 0:07:27] } 25. Qxa8+ { [%clk 0:09:08] } Kg7 { [%clk
0:07:25] } 26. Rfe1 { [%clk 0:09:00] } Rf7 { [%clk 0:07:24] } 27. Qa7 { [%clk
0:08:44] } Kf6 { [%clk 0:07:23] } 28. Qd4+ { [%clk 0:08:44] } Kf5 { [%clk
0:07:20] } 29. Qd5+ { [%clk 0:08:42] } Kg6 { [%clk 0:07:12] } 30. Qxf7+ { [%clk
0:08:39] } Kxf7 { [%clk 0:07:11] } 31. Re3 { [%clk 0:08:37] } Kg6 { [%clk
0:07:09] } 32. Re7 { [%clk 0:08:37] } g4 { [%clk 0:06:49] } 33. Rxd7 { [%clk
0:08:34] } Kg5 { [%clk 0:06:42] } 34. Rd5+ { [%clk 0:08:33] } Kh4 { [%clk
0:06:38] } 35. Rxb5 { [%clk 0:08:22] } g3 { [%clk 0:06:26] } 36. Rb4+ { [%clk
0:08:20] } Kg5 { [%clk 0:05:53] } 37. fxg3 { [%clk 0:08:20] } Kg6 { [%clk
0:05:51] } 38. Rbxa4 { [%clk 0:08:15] } Kg7 { [%clk 0:05:52] } 39. Ra6 { [%clk
0:08:13] } Kh8 { [%clk 0:05:52] } 40. Ra7 { [%clk 0:08:11] } h6 { [%clk
0:05:50] } 41. d4 { [%clk 0:08:09] } h5 { [%clk 0:05:51] } 42. d5 { [%clk
0:08:09] } h4 { [%clk 0:05:53] } 43. d6 { [%clk 0:08:11] } hxg3 { [%clk
0:05:54] } 44. hxg3 { [%clk 0:08:10] } Kg8 { [%clk 0:05:53] } 45. d7 { [%clk
0:08:09] } Kf8 { [%clk 0:05:54] } 46. d8=Q# { [%clk 0:08:08] } 1-0

[Event "Королевский Гамбит. Южный Федеральный округ."]
[Date "2025-11-21"]
[Round "3.4"]
[Board "4"]
[White "Курбанова Ангелина"]
[WhiteElo "1020"]
[Black "Полина Сурова"]
[BlackElo "1002"]
[WebSite "https://www.chessopen.ru"]
[GameId "15221029-d624-4a59-b913-e051f1e8614f"]
[Result "0-1"]

1. e4 { [%clk 0:10:00] } e6 { [%clk 0:10:01] } 2. d4 { [%clk 0:10:02] } d5 {
[%clk 0:10:03] } 3. exd5 { [%clk 0:10:03] } exd5 { [%clk 0:10:05] } 4. Nf3 {
[%clk 0:10:04] } c5 { [%clk 0:10:06] } 5. dxc5 { [%clk 0:10:04] } Bxc5 { [%clk
0:10:07] } 6. Nc3 { [%clk 0:10:06] } Be6 { [%clk 0:10:06] } 7. Bb5+ { [%clk
0:10:05] } Nc6 { [%clk 0:10:04] } 8. Bxc6+ { [%clk 0:10:06] } bxc6 { [%clk
0:10:04] } 9. O-O { [%clk 0:10:03] } Qb6 { [%clk 0:10:04] } 10. Qe2 { [%clk
0:09:58] } Nf6 { [%clk 0:09:53] } 11. Na4 { [%clk 0:09:59] } Qa5 { [%clk
0:09:46] } 12. Nxc5 { [%clk 0:09:58] } Qxc5 { [%clk 0:09:46] } 13. Be3 { [%clk
0:09:59] } Qd6 { [%clk 0:09:38] } 14. Rad1 { [%clk 0:09:45] } O-O { [%clk
0:09:33] } 15. Qd2 { [%clk 0:09:38] } Ng4 { [%clk 0:09:13] } 16. Bf4 { [%clk
0:09:35] } Qd7 { [%clk 0:08:59] } 17. Ng5 { [%clk 0:09:24] } h6 { [%clk
0:08:28] } 18. Nxe6 { [%clk 0:09:25] } Qxe6 { [%clk 0:08:29] } 19. h3 { [%clk
0:09:24] } Nf6 { [%clk 0:08:29] } 20. Rfe1 { [%clk 0:09:21] } Qd7 { [%clk
0:08:29] } 21. c4 { [%clk 0:09:19] } Rad8 { [%clk 0:08:21] } 22. cxd5 { [%clk
0:09:13] } Qxd5 { [%clk 0:08:22] } 23. Qxd5 { [%clk 0:09:14] } Rxd5 { [%clk
0:08:21] } 24. Rxd5 { [%clk 0:09:15] } Nxd5 { [%clk 0:08:22] } 25. Be3 { [%clk
0:09:13] } a6 { [%clk 0:08:22] } 26. Bc5 { [%clk 0:09:10] } Rd8 { [%clk
0:08:21] } 27. Rd1 { [%clk 0:09:10] } Rd7 { [%clk 0:08:12] } 28. a3 { [%clk
0:09:03] } Nf6 { [%clk 0:08:09] } 29. Rxd7 { [%clk 0:09:04] } Nxd7 { [%clk
0:08:11] } 30. Bb4 { [%clk 0:09:03] } f6 { [%clk 0:08:08] } 31. Kf1 { [%clk
0:09:03] } Kf7 { [%clk 0:08:04] } 32. Ke2 { [%clk 0:09:03] } Ke6 { [%clk
0:08:05] } 33. Ke3 { [%clk 0:09:04] } Kd5 { [%clk 0:08:03] } 34. Kd3 { [%clk
0:09:02] } Nc5+ { [%clk 0:07:42] } 35. Bxc5 { [%clk 0:09:03] } Kxc5 { [%clk
0:07:42] } 36. b3 { [%clk 0:09:03] } Kd5 { [%clk 0:07:22] } 37. f3 { [%clk
0:08:59] } g6 { [%clk 0:07:24] } 38. g3 { [%clk 0:09:00] } c5 { [%clk 0:07:14]
} 39. a4 { [%clk 0:08:55] } f5 { [%clk 0:07:00] } 40. g4 { [%clk 0:08:51] } f4
{ [%clk 0:06:51] } 41. h4 { [%clk 0:08:50] } g5 { [%clk 0:06:47] } 42. hxg5 {
[%clk 0:08:33] } hxg5 { [%clk 0:06:44] } 43. Kc2 { [%clk 0:08:25] } Kd4 { [%clk
0:06:19] } 44. Kd2 { [%clk 0:08:25] } c4 { [%clk 0:06:16] } 45. bxc4 { [%clk
0:08:26] } Kxc4 { [%clk 0:06:17] } 46. a5 { [%clk 0:08:26] } Kb5 { [%clk
0:05:49] } 47. Kc3 { [%clk 0:08:21] } Kxa5 { [%clk 0:05:48] } 48. Kc4 { [%clk
0:08:17] } Ka4 { [%clk 0:05:40] } 49. Kc3 { [%clk 0:08:12] } Kb5 { [%clk
0:05:41] } 50. Kb3 { [%clk 0:08:13] } a5 { [%clk 0:05:42] } 51. Kc3 { [%clk
0:07:59] } Kc5 { [%clk 0:05:40] } 52. Kd2 { [%clk 0:07:48] } Kd4 { [%clk
0:05:38] } 53. Ke2 { [%clk 0:07:34] } a4 { [%clk 0:05:31] } 54. Kd2 { [%clk
0:07:36] } a3 { [%clk 0:05:32] } 55. Kc2 { [%clk 0:07:36] } Ke3 { [%clk
0:05:32] } 56. Kb3 { [%clk 0:07:38] } Kxf3 { [%clk 0:05:34] } 57. Kxa3 { [%clk
0:07:41] } Kxg4 { [%clk 0:05:34] } 58. Kb4 { [%clk 0:07:44] } f3 { [%clk
0:05:32] } 59. Kc3 { [%clk 0:07:46] } f2 { [%clk 0:05:24] } 60. Kd2 { [%clk
0:07:47] } f1=Q { [%clk 0:05:18] } 61. Ke3 { [%clk 0:07:48] } 0-1

[Event "Королевский Гамбит. Южный Федеральный округ."]
[Date "2025-11-21"]
[Round "3.4"]
[Board "4"]
[White "Плесовских Мирослава"]
[WhiteElo "1000"]
[Black "Лебедева Полина"]
[BlackElo "979"]
[WebSite "https://www.chessopen.ru"]
[GameId "02d9cd27-6ca0-4e65-97fa-d63ef14ff178"]
[Result "0-1"]

1. e4 { [%clk 0:09:59] } e5 { [%clk 0:10:00] } 2. Bd3 { [%clk 0:10:00] } Bc5 {
[%clk 0:09:53] } 3. Bc4 { [%clk 0:09:59] } Nf6 { [%clk 0:09:51] } 4. Qf3 {
[%clk 0:09:57] } O-O { [%clk 0:09:51] } 5. Nc3 { [%clk 0:09:51] } h6 { [%clk
0:09:44] } 6. Qd1 { [%clk 0:09:41] } b5 { [%clk 0:09:33] } 7. Bxb5 { [%clk
0:09:36] } a6 { [%clk 0:09:24] } 8. Bc4 { [%clk 0:09:32] } Bb7 { [%clk 0:09:18]
} 9. a3 { [%clk 0:09:32] } Bc6 { [%clk 0:09:10] } 10. b4 { [%clk 0:09:31] } Bd6
{ [%clk 0:09:00] } 11. d3 { [%clk 0:09:25] } a5 { [%clk 0:08:51] } 12. Nf3 {
[%clk 0:09:26] } axb4 { [%clk 0:08:48] } 13. axb4 { [%clk 0:09:27] } Rxa1 {
[%clk 0:08:37] } 14. Nd2 { [%clk 0:09:16] } Bxb4 { [%clk 0:08:36] } 15. Ne2 {
[%clk 0:08:56] } d5 { [%clk 0:08:21] } 16. exd5 { [%clk 0:08:55] } Be8 { [%clk
0:08:10] } 17. Nc3 { [%clk 0:08:43] } Bxc3 { [%clk 0:08:06] } 18. Bb2 { [%clk
0:08:42] } Rxd1+ { [%clk 0:07:57] } 19. Kxd1 { [%clk 0:08:40] } Bxb2 { [%clk
0:07:47] } 20. Re1 { [%clk 0:08:37] } e4 { [%clk 0:07:43] } 21. dxe4 { [%clk
0:08:35] } c6 { [%clk 0:07:36] } 22. dxc6 { [%clk 0:08:35] } Nxc6 { [%clk
0:07:35] } 23. e5 { [%clk 0:08:35] } Ng4 { [%clk 0:07:25] } 24. f3 { [%clk
0:08:24] } Nf2+ { [%clk 0:07:18] } 25. Ke2 { [%clk 0:08:22] } Ng4 { [%clk
0:06:57] } 26. fxg4 { [%clk 0:08:20] } Nxe5 { [%clk 0:06:51] } 27. Bd5 { [%clk
0:08:10] } Qxd5 { [%clk 0:06:47] } 28. Nf3 { [%clk 0:07:34] } Qe4+ { [%clk
0:06:41] } 29. Kf1 { [%clk 0:07:31] } Qxc2 { [%clk 0:06:35] } 30. Nxe5 { [%clk
0:07:29] } Bb5+ { [%clk 0:06:28] } 31. Kg1 { [%clk 0:07:05] } Bd4+ { [%clk
0:06:25] } 32. Kh1 { [%clk 0:07:01] } Qf2 { [%clk 0:06:19] } 33. Rg1 { [%clk
0:07:00] } Qxg1# { [%clk 0:06:16] } 0-1

[Event "Королевский Гамбит. Южный Федеральный округ."]
[Date "2025-11-21"]
[Round "3.4"]
[Board "4"]
[White "Погорелова Мирослава"]
[WhiteElo "1020"]
[Black "Григорян Милена"]
[BlackElo "980"]
[WebSite "https://www.chessopen.ru"]
[GameId "cec50abd-6853-47af-bf0d-7651355ca8b6"]
[Result "1-0"]

1. e4 { [%clk 0:10:00] } e6 { [%clk 0:10:00] } 2. Nf3 { [%clk 0:10:01] } Qf6 {
[%clk 0:09:56] } 3. d4 { [%clk 0:09:59] } Nc6 { [%clk 0:09:57] } 4. Nc3 { [%clk
0:09:55] } Nxd4 { [%clk 0:09:58] } 5. Nxd4 { [%clk 0:09:48] } Qh6 { [%clk
0:09:42] } 6. Bxh6 { [%clk 0:09:43] } gxh6 { [%clk 0:09:32] } 7. Bb5 { [%clk
0:09:34] } Nf6 { [%clk 0:09:28] } 8. O-O { [%clk 0:09:27] } Be7 { [%clk
0:09:12] } 9. Nf3 { [%clk 0:09:18] } O-O { [%clk 0:09:12] } 10. Nh4 { [%clk
0:09:18] } Nxe4 { [%clk 0:09:08] } 11. Nxe4 { [%clk 0:09:18] } Bb4 { [%clk
0:09:04] } 12. c3 { [%clk 0:09:15] } d6 { [%clk 0:09:04] } 13. cxb4 { [%clk
0:09:15] } e5 { [%clk 0:09:00] } 14. Nf6+ { [%clk 0:09:03] } Kh8 { [%clk
0:08:58] } 15. Qf3 { [%clk 0:09:00] } Rg8 { [%clk 0:08:59] } 16. Nf5 { [%clk
0:08:58] } e4 { [%clk 0:08:53] } 17. Qxe4 { [%clk 0:08:48] } c6 { [%clk
0:08:52] } 18. Bc4 { [%clk 0:08:47] } Rg7 { [%clk 0:08:45] } 19. Nxg7 { [%clk
0:08:47] } Kxg7 { [%clk 0:08:45] } 20. Qxh7+ { [%clk 0:08:46] } Kxf6 { [%clk
0:08:46] } 21. Qxh6+ { [%clk 0:08:43] } Ke7 { [%clk 0:08:44] } 22. Rae1+ {
[%clk 0:08:35] } Be6 { [%clk 0:08:44] } 23. Bxe6 { [%clk 0:08:33] } fxe6 {
[%clk 0:08:45] } 24. Qxe6+ { [%clk 0:08:33] } Kf8 { [%clk 0:08:44] } 25. Qxd6+
{ [%clk 0:08:32] } Kg8 { [%clk 0:08:43] } 26. Re7 { [%clk 0:08:29] } Kh8 {
[%clk 0:08:34] } 27. Qh6+ { [%clk 0:08:28] } Kg8 { [%clk 0:08:33] } 28. Qg7# {
[%clk 0:08:29] } 1-0

[Event "Королевский Гамбит. Южный Федеральный округ."]
[Date "2025-11-21"]
[Round "3.5"]
[Board "5"]
[White "Zaharov Makar"]
[WhiteElo "980"]
[Black "Харлов Егор"]
[BlackElo "1000"]
[WebSite "https://www.chessopen.ru"]
[GameId "2244da0b-f6a4-4193-b9b0-f1bd93bcc6b8"]
[Result "0-1"]

1. e4 { [%clk 0:09:38] } e5 { [%clk 0:08:13] } 2. Nf3 { [%clk 0:09:26] } Nc6 {
[%clk 0:08:12] } 3. Bc4 { [%clk 0:09:24] } Nf6 { [%clk 0:08:13] } 4. O-O {
[%clk 0:09:25] } Bc5 { [%clk 0:08:10] } 5. Nc3 { [%clk 0:09:26] } O-O { [%clk
0:08:11] } 6. d3 { [%clk 0:09:25] } d6 { [%clk 0:07:52] } 7. Bg5 { [%clk
0:09:23] } Bg4 { [%clk 0:07:52] } 8. h3 { [%clk 0:09:23] } Bxf3 { [%clk
0:07:53] } 9. Qxf3 { [%clk 0:09:23] } h6 { [%clk 0:07:56] } 10. Bxf6 { [%clk
0:09:20] } gxf6 { [%clk 0:07:57] } 11. Qg3+ { [%clk 0:09:20] } Kh7 { [%clk
0:07:58] } 12. Nd5 { [%clk 0:08:56] } Rg8 { [%clk 0:07:58] } 13. Qf3 { [%clk
0:08:44] } Rg6 { [%clk 0:07:49] } 14. Bb5 { [%clk 0:08:26] } Nd4 { [%clk
0:07:47] } 15. Qh5 { [%clk 0:08:16] } Nxb5 { [%clk 0:07:35] } 16. Rae1 { [%clk
0:08:02] } Nd4 { [%clk 0:07:33] } 17. Re3 { [%clk 0:08:00] } Nxc2 { [%clk
0:07:32] } 18. Rg3 { [%clk 0:07:58] } c6 { [%clk 0:06:52] } 19. Nxf6+ { [%clk
0:07:36] } Qxf6 { [%clk 0:06:51] } 20. Rxg6 { [%clk 0:06:44] } fxg6 { [%clk
0:06:50] } 21. Qd1 { [%clk 0:06:38] } Nb4 { [%clk 0:06:40] } 22. a3 { [%clk
0:06:28] } Na2 { [%clk 0:06:35] } 23. Re1 { [%clk 0:06:22] } Qxf2+ { [%clk
0:06:29] } 24. Kh2 { [%clk 0:06:16] } Rf8 { [%clk 0:06:18] } 25. Re2 { [%clk
0:05:39] } Qf4+ { [%clk 0:06:06] } 26. Kh1 { [%clk 0:05:27] } Qg3 { [%clk
0:06:01] } 27. b4 { [%clk 0:05:16] } Nc3 { [%clk 0:05:58] } 28. Qd2 { [%clk
0:05:06] } Nxe2 { [%clk 0:05:53] } 29. Qxe2 { [%clk 0:05:04] } Bd4 { [%clk
0:05:45] } 30. h4 { [%clk 0:04:44] } Qxh4# { [%clk 0:05:40] } 0-1

[Event "Королевский Гамбит. Южный Федеральный округ."]
[Date "2025-11-21"]
[Round "3.5"]
[Board "5"]
[White "Бажин Радомир"]
[WhiteElo "1020"]
[Black "Шашмурин Виталий"]
[BlackElo "1000"]
[WebSite "https://www.chessopen.ru"]
[GameId "70b94ae3-5966-481e-b438-80ee89cc531a"]
[Result "1-0"]

1. e4 { [%clk 0:10:01] } e5 { [%clk 0:09:59] } 2. Nf3 { [%clk 0:10:03] } Nf6 {
[%clk 0:10:00] } 3. Nc3 { [%clk 0:10:04] } Nc6 { [%clk 0:10:00] } 4. Bc4 {
[%clk 0:10:04] } Bc5 { [%clk 0:10:00] } 5. d3 { [%clk 0:10:06] } d6 { [%clk
0:10:01] } 6. h3 { [%clk 0:10:07] } h6 { [%clk 0:10:02] } 7. Be3 { [%clk
0:10:07] } Bb6 { [%clk 0:10:02] } 8. Qd2 { [%clk 0:10:09] } Be6 { [%clk
0:10:02] } 9. Bb3 { [%clk 0:10:08] } Qd7 { [%clk 0:10:02] } 10. Nd5 { [%clk
0:10:00] } Bxd5 { [%clk 0:09:51] } 11. exd5 { [%clk 0:10:00] } Nd4 { [%clk
0:09:50] } 12. Bxd4 { [%clk 0:09:54] } exd4 { [%clk 0:09:47] } 13. Qe2+ { [%clk
0:09:56] } Qe7 { [%clk 0:09:48] } 14. Qxe7+ { [%clk 0:09:52] } Kxe7 { [%clk
0:09:48] } 15. O-O { [%clk 0:09:43] } Kd7 { [%clk 0:09:49] } 16. Rfe1 { [%clk
0:09:44] } Rhe8 { [%clk 0:09:48] } 17. Ba4+ { [%clk 0:09:45] } Kd8 { [%clk
0:09:45] } 18. Bxe8 { [%clk 0:09:40] } Nxe8 { [%clk 0:09:48] } 19. Re2 { [%clk
0:09:40] } Nf6 { [%clk 0:09:48] } 20. Rae1 { [%clk 0:09:33] } Ng8 { [%clk
0:09:41] } 21. Re8+ { [%clk 0:09:34] } Kd7 { [%clk 0:09:41] } 22. Rxa8 { [%clk
0:09:35] } Ba5 { [%clk 0:09:38] } 23. Ree8 { [%clk 0:09:30] } Bb6 { [%clk
0:09:40] } 24. Rad8# { [%clk 0:09:31] } 1-0

[Event "Королевский Гамбит. Южный Федеральный округ."]
[Date "2025-11-21"]
[Round "3.5"]
[Board "5"]
[White "Гусаков Тимофей"]
[WhiteElo "1000"]
[Black "Рылов Владимир"]
[BlackElo "1010"]
[WebSite "https://www.chessopen.ru"]
[GameId "29b08f2e-facc-4bd2-9308-e6762b268fe1"]
[Result "1-0"]

1. e4 { [%clk 0:10:00] } e5 { [%clk 0:10:00] } 2. Nf3 { [%clk 0:10:00] } Nc6 {
[%clk 0:10:01] } 3. Nc3 { [%clk 0:10:01] } Nf6 { [%clk 0:10:02] } 4. Bb5 {
[%clk 0:09:59] } d6 { [%clk 0:10:03] } 5. Bxc6+ { [%clk 0:09:57] } bxc6 { [%clk
0:10:04] } 6. O-O { [%clk 0:09:55] } Be7 { [%clk 0:09:46] } 7. d4 { [%clk
0:09:51] } exd4 { [%clk 0:09:47] } 8. Nxd4 { [%clk 0:09:51] } c5 { [%clk
0:09:46] } 9. Nc6 { [%clk 0:09:51] } Qd7 { [%clk 0:09:44] } 10. Na5 { [%clk
0:09:48] } O-O { [%clk 0:09:43] } 11. Bd2 { [%clk 0:09:48] } Ba6 { [%clk
0:09:35] } 12. Re1 { [%clk 0:09:46] } Ng4 { [%clk 0:09:26] } 13. h3 { [%clk
0:09:45] } Nf6 { [%clk 0:09:23] } 14. e5 { [%clk 0:09:43] } dxe5 { [%clk
0:09:24] } 15. Rxe5 { [%clk 0:09:41] } Bd6 { [%clk 0:09:19] } 16. Rd5 { [%clk
0:09:33] } Nxd5 { [%clk 0:09:17] } 17. Nxd5 { [%clk 0:09:29] } Qe6 { [%clk
0:09:11] } 18. Qf3 { [%clk 0:09:20] } Rae8 { [%clk 0:08:58] } 19. Nc6 { [%clk
0:09:11] } Bb7 { [%clk 0:08:50] } 20. Nxc7 { [%clk 0:08:38] } Qe4 { [%clk
0:08:29] } 21. Nxe8 { [%clk 0:08:25] } Qxf3 { [%clk 0:08:24] } 22. gxf3 { [%clk
0:08:21] } Bxc6 { [%clk 0:08:25] } 23. Nxd6 { [%clk 0:08:20] } Bxf3 { [%clk
0:08:25] } 24. Re1 { [%clk 0:08:20] } Rd8 { [%clk 0:08:12] } 25. Ba5 { [%clk
0:08:13] } Rf8 { [%clk 0:07:49] } 26. Nb7 { [%clk 0:08:01] } Bxb7 { [%clk
0:07:47] } 27. b4 { [%clk 0:08:02] } cxb4 { [%clk 0:07:48] } 28. Bxb4 { [%clk
0:08:02] } Rc8 { [%clk 0:07:40] } 29. Re7 { [%clk 0:08:02] } Bc6 { [%clk
0:07:13] } 30. Rxa7 { [%clk 0:07:54] } h6 { [%clk 0:07:10] } 31. c3 { [%clk
0:07:52] } Re8 { [%clk 0:06:53] } 32. c4 { [%clk 0:07:49] } Re1+ { [%clk
0:06:52] } 33. Bxe1 { [%clk 0:07:49] } f6 { [%clk 0:06:49] } 34. Rc7 { [%clk
0:07:44] } Be8 { [%clk 0:06:47] } 35. Rc8 { [%clk 0:07:42] } Kf7 { [%clk
0:06:47] } 36. c5 { [%clk 0:07:42] } Bd7 { [%clk 0:06:44] } 37. Rc7 { [%clk
0:07:43] } Ke6 { [%clk 0:06:44] } 38. c6 { [%clk 0:07:43] } Bxc6 { [%clk
0:06:44] } 39. Rxc6+ { [%clk 0:07:43] } Kd5 { [%clk 0:06:44] } 40. Rc7 { [%clk
0:07:43] } Kd6 { [%clk 0:06:45] } 41. Rxg7 { [%clk 0:07:43] } Kc6 { [%clk
0:06:45] } 42. Rg6 { [%clk 0:07:45] } h5 { [%clk 0:06:46] } 43. Rxf6+ { [%clk
0:07:43] } Kc5 { [%clk 0:06:45] } 44. Rf5+ { [%clk 0:07:44] } Kc4 { [%clk
0:06:44] } 45. Rxh5 { [%clk 0:07:45] } Kd3 { [%clk 0:06:43] } 46. a4 { [%clk
0:07:45] } Ke2 { [%clk 0:06:43] } 47. Re5+ { [%clk 0:07:43] } Kd1 { [%clk
0:06:42] } 48. a5 { [%clk 0:07:45] } Kc2 { [%clk 0:06:41] } 49. a6 { [%clk
0:07:46] } Kd3 { [%clk 0:06:42] } 50. a7 { [%clk 0:07:47] } Kd4 { [%clk
0:06:43] } 51. Rh5 { [%clk 0:07:47] } Kd3 { [%clk 0:06:44] } 52. a8=Q { [%clk
0:07:49] } Ke2 { [%clk 0:06:43] } 53. Qa2+ { [%clk 0:07:49] } Kxe1 { [%clk
0:06:43] } 54. Re5+ { [%clk 0:07:49] } Kd1 { [%clk 0:06:45] } 55. Re2 { [%clk
0:07:46] } Kc1 { [%clk 0:06:45] } 56. Re1# { [%clk 0:07:47] } 1-0

[Event "Королевский Гамбит. Южный Федеральный округ."]
[Date "2025-11-21"]
[Round "3.5"]
[Board "5"]
[White "Замковой Артём"]
[WhiteElo "980"]
[Black "Семено Андрей"]
[BlackElo "1020"]
[WebSite "https://www.chessopen.ru"]
[GameId "ac3c2952-9edc-495b-8398-bbbd30cab0af"]
[Result "0-1"]

1. e4 { [%clk 0:09:57] } d5 { [%clk 0:09:56] } 2. exd5 { [%clk 0:09:57] } Qxd5
{ [%clk 0:09:59] } 3. Nc3 { [%clk 0:09:59] } Qa5 { [%clk 0:09:58] } 4. Nf3 {
[%clk 0:09:57] } Nf6 { [%clk 0:09:57] } 5. d4 { [%clk 0:09:56] } c6 { [%clk
0:09:58] } 6. Bd3 { [%clk 0:09:52] } Bg4 { [%clk 0:09:59] } 7. h3 { [%clk
0:09:52] } Bh5 { [%clk 0:10:00] } 8. O-O { [%clk 0:09:54] } Nbd7 { [%clk
0:10:01] } 9. Re1 { [%clk 0:09:33] } e6 { [%clk 0:10:00] } 10. Bf4 { [%clk
0:08:52] } Be7 { [%clk 0:09:59] } 11. Ne5 { [%clk 0:08:11] } 0-1